MARC details
| 000 -LEADER |
| campo de control de longitud fija |
02570cam a22005775a 4500 |
| 001 - NÚMERO DE CONTROL |
| campo de control |
125119 |
| 005 - FECHA Y HORA DE LA ÚLTIMA TRANSACCIÓN |
| campo de control |
20230411085949.0 |
| 008 - DATOS DE LONGITUD FIJA--INFORMACIÓN GENERAL |
| campo de control de longitud fija |
120517s2012 nyub b 001 0 eng d |
| 035 ## - NÚMERO DE CONTROL DEL SISTEMA |
| Número de control de sistema |
19452712 |
| 010 ## - NÚMERO DE CONTROL DE LA BIBLIOTECA DEL CONGRESO |
| Número de control de LC |
2014319071 |
| Número de control de LC cancelado o no válido |
2002044682 |
| 020 ## - NÚMERO INTERNACIONAL ESTÁNDAR DEL LIBRO |
| Número Internacional Estándar del Libro |
0802145779 |
| Información calificativa |
(pbk.) |
| 020 ## - NÚMERO INTERNACIONAL ESTÁNDAR DEL LIBRO |
| Número Internacional Estándar del Libro |
9780802145772 |
| Información calificativa |
(pbk.) |
| 035 ## - NÚMERO DE CONTROL DEL SISTEMA |
| Número de control de sistema |
(OCoLC)ocn793832384 |
| 035 ## - NÚMERO DE CONTROL DEL SISTEMA |
| Número de control de sistema |
(OCoLC)793832384 |
| Número de control cancelado/no válido |
(OCoLC)707255803 |
| -- |
(OCoLC)793906522 |
| 040 ## - FUENTE DE CATALOGACIÓN |
| Centro catalogador/agencia de origen |
BKL |
| Lengua de catalogación |
eng |
| Centro/agencia transcriptor |
BKL |
| Centro/agencia modificador |
BTCTA |
| -- |
BDX |
| -- |
YDXCP |
| -- |
SINLB |
| -- |
BWX |
| -- |
OCLCO |
| -- |
J2H |
| -- |
QBX |
| -- |
AU@ |
| -- |
OCLCF |
| -- |
OCLCQ |
| -- |
S3O |
| -- |
OCLCQ |
| -- |
DLC |
| 041 ## - CÓDIGO DE IDIOMA |
| Código de lengua del texto/banda sonora o título independiente |
eng |
| 042 ## - CÓDIGO DE AUTENTICACIÓN |
| Código de autenticación |
lccopycat |
| -- |
lcode |
| 043 ## - CÓDIGO DE ÁREA GEOGRÁFICA |
| Código de área geográfica |
aw----- |
| -- |
a------ |
| -- |
f------ |
| 082 04 - NÚMERO DE LA CLASIFICACIÓN DECIMAL DEWEY |
| Número de clasificación |
956 |
| Número de edición |
23 |
| 082 14 - NÚMERO DE LA CLASIFICACIÓN DECIMAL DEWEY |
| Número de clasificación |
956 |
| Número de edición |
15 |
| 097 14 - |
| -- |
439 DS 44 |
| -- |
M627 2012 |
| 245 04 - MENCIÓN DEL TÍTULO |
| Título |
The Middle East and Islamic world reader / |
| Mención de responsabilidad, etc. |
edited by Marvin Gettleman and Stuart Schaar. |
| 250 ## - MENCION DE EDICION |
| Mención de edición |
Rev. and expanded ed. |
| 260 ## - PUBLICACIÓN, DISTRIBUCIÓN, ETC. |
| Lugar de publicación, distribución, etc. |
New York, NY : |
| Nombre del editor, distribuidor, etc. |
Grove Press, |
| Fecha de publicación, distribución, etc. |
©2012. |
| 300 ## - DESCRIPCIÓN FÍSICA |
| Extensión |
xi, 411 pages : |
| Otras características físicas |
maps ; |
| Dimensiones |
23 cm |
| 336 ## - TIPO DE CONTENIDO |
| Término de tipo de contenido |
text |
| Código de tipo de contenido |
txt |
| Fuente |
rdacontent |
| 337 ## - TIPO DE MEDIO |
| Nombre/término del tipo de medio |
unmediated |
| Código del tipo de medio |
n |
| Fuente |
rdamedia |
| 338 ## - TIPO DE SOPORTE |
| Nombre/término del tipo de soporte |
volume |
| Código del tipo de soporte |
nc |
| Fuente |
rdacarrier |
| 504 ## - NOTA DE BIBLIOGRAFÍA, ETC. |
| Nota de bibliografía, etc. |
Includes bibliographical references (pages 391-397) and index. |
| 505 0# - NOTA DE CONTENIDO CON FORMATO |
| Nota de contenido con formato |
Islamic beginnings: revelation, state building, and culture -- From the coming of steppe peoples to the age of gunpowder empires -- Contradictions of modernity: imperialism and social change -- The two world wars and their aftermaths -- Arabs and Zionists struggle over Palestine -- Geopolitics of oil and the Cold War conflict -- Ideologies, movements, and social trends -- 9/11: terrorism and wars, Arab citizens' revolt. |
| 520 ## - RESUMEN, ETC. |
| Sumario, etc. |
Traces the history of the core Islamic lands from their Golden Age to today, revealing the Muslim world's multi-faceted societies, political systems, key figures, and relationships with outside groups. |
| 651 #0 - PUNTO DE ACCESO ADICIONAL DE MATERIA--NOMBRE GEOGRÁFICO |
| Nombre geográfico |
Middle East. |
| 651 #0 - PUNTO DE ACCESO ADICIONAL DE MATERIA--NOMBRE GEOGRÁFICO |
| Nombre geográfico |
Islamic countries |
| Subdivisión general |
Civilization. |
| 651 #4 - PUNTO DE ACCESO ADICIONAL DE MATERIA--NOMBRE GEOGRÁFICO |
| Nombre geográfico |
Mellanostern. |
| 650 #7 - PUNTO DE ACCESO ADICIONAL DE MATERIA--TÉRMINO DE MATERIA |
| Término de materia o nombre geográfico como elemento de entrada |
Civilization. |
| Fuente del encabezamiento o término |
fast |
| 651 #7 - PUNTO DE ACCESO ADICIONAL DE MATERIA--NOMBRE GEOGRÁFICO |
| Nombre geográfico |
Islamic countries. |
| Fuente del encabezamiento o término |
fast |
| 651 #7 - PUNTO DE ACCESO ADICIONAL DE MATERIA--NOMBRE GEOGRÁFICO |
| Nombre geográfico |
Middle East. |
| Fuente del encabezamiento o término |
fast |
| 650 #7 - PUNTO DE ACCESO ADICIONAL DE MATERIA--TÉRMINO DE MATERIA |
| Término de materia o nombre geográfico como elemento de entrada |
Historia. |
| Fuente del encabezamiento o término |
sao |
| 651 #4 - PUNTO DE ACCESO ADICIONAL DE MATERIA--NOMBRE GEOGRÁFICO |
| Nombre geográfico |
Países islámicos |
| Subdivisión general |
Civilización. |
| 651 #4 - PUNTO DE ACCESO ADICIONAL DE MATERIA--NOMBRE GEOGRÁFICO |
| Nombre geográfico |
Medio Este. |
| 651 #7 - PUNTO DE ACCESO ADICIONAL DE MATERIA--NOMBRE GEOGRÁFICO |
| Nombre geográfico |
Islamiska länder. |
| Fuente del encabezamiento o término |
sao |
| 653 ## - TÉRMINO DE INDIZACIÓN--NO CONTROLADO |
| Término no controlado |
Islam (Middle East, Africa, Africa, Middle East) |
| 653 ## - TÉRMINO DE INDIZACIÓN--NO CONTROLADO |
| Término no controlado |
History (Middle East, Africa, Africa, Middle East) |
| 653 ## - TÉRMINO DE INDIZACIÓN--NO CONTROLADO |
| Término no controlado |
Politics & government (Middle East, Africa, Africa, Middle East) |
| 700 1# - ENTRADA AGREGADA--NOMBRE PERSONAL |
| Nombre de persona |
Gettleman, Marvin E. |
| 700 1# - ENTRADA AGREGADA--NOMBRE PERSONAL |
| Nombre de persona |
Schaar, Stuart. |
| 925 0# - |
| -- |
acquire |
| -- |
1 shelf copy |
| -- |
policy default |
| 942 ## - ELEMENTOS DE ENTRADA SECUNDARIOS (KOHA) |
| Fuente del sistema de clasificación o colocación |
Clasificación de Library of Congress |
| Tipo de ítem Koha |
|
| 985 ## - |
| -- |
ODE-ca |
| 946 ## - PROCESAMIENTO DE INFORMACIÓN LOCAL (OCLC) |
| a |
dpf |